00731 2200241 4500001002100000005001500021035002000036007000300056008004100059020001800100082000800118084001400126100003000140245013900170250001000309260003100319300003200350650003400382700002300416520002600439990001200465990001200477INLIS00000000000184420180402110336 a0010-0418000001ta180402 g 0 ind  a9786023751235 a423 a423 DWI s0 aDWINDA, Nafisah Nurinsyah1 a999+ Kosakata Penting Jepang-Indonesia-Inggris Plus Contoh Ungkapan dan Kalimat /cDwinda Nafisah Nurinsyah; editor, Anjelita Noverina acet.2 aJakarta :bGrasindo,c2016 a173 hlm. :bilus. ;c20 cm. aBAHASA INDONESIA-KAMUS-JEPANG0 aANJELITA, Noverina abibliografi: hlm. 173 a16511 a a16511 b